000 00431nam a2200133Ia 4500
008 100328s9999 xx 000 0 und d
082 _b18683
100 _aढेरे रा.चि.-संपा.
245 _aहरिवरदा खंड 7वा
260 _bद.र.कोपर्डेकर
630 _aहरिवरदा खंड 7वा
730 _aहरिवरदा खंड 7वा
942 _cBOOK
999 _c513060
_d513057